000 00533nam a2200181Ia 4500
008 151202s9999||||xx |||||||||||||| ||und||
082 _bPNVM-35559
100 _aबाबुलनाथ.
245 _aसुबोध कुमार संभव.
260 _b---
260 _c1971
300 _a100
600 _aबाबुलनाथ.
630 _aसुबोध कुमार संभव.
700 _aबाबुलनाथ.
730 _aसुबोध कुमार संभव.
942 _cBOOK
999 _c1301514
_d1301511